A hermeneutic on dislocation as experience (Record no. 92384)
[ view plain ]
| 000 -LEADER | |
|---|---|
| fixed length control field | 01638nam a2200397 a 4500 |
| 082 04 - DEWEY DECIMAL CLASSIFICATION NUMBER | |
| Classification number | 261.5 |
| 100 1# - MAIN ENTRY--AUTHOR NAME | |
| Personal name | Park, Jung Eun Sophia, |
| 245 12 - TITLE STATEMENT | |
| Title | A hermeneutic on dislocation as experience |
| 260 ## - PUBLICATION, DISTRIBUTION, ETC. (IMPRINT) | |
| Place of publication | New York : |
| Name of publisher | Peter Lang, |
| Year of publication | c2011. |
| 300 ## - PHYSICAL DESCRIPTION | |
| Number of Pages | viii, 137 p. |
| 490 1# - SERIES STATEMENT | |
| Series statement | Studies in biblical literature, |
| 650 #0 - SUBJECT ADDED ENTRY--TOPICAL TERM | |
| Topical Term | Korean American women |
| Topical Term | Christian women |
| Topical Term | Alienation (Theology) |
| Topical Term | Shamanism |
| 856 40 - ELECTRONIC LOCATION AND ACCESS | |
| Uniform Resource Identifier | http://site.ebrary.com/lib/rucke/Doc?id=10551921 |
No items available.
